banner koha

Determinacao da umidade de murchamento de alguns tipos de solo do Nordeste [Analise do solo; Umidade do solo; Classificacao do solo; Feijao de corda; Vigna sinensis; Crescimento; Brasil] (Registro n. 261062)

MARC details
000 -LÍDER
campo de controle de tamanho fixo 01273nac a22003377a 4500
001 - NÚMERO DE CONTROLE
campo de controle BR5900142
003 - IDENTIFICADOR DO NÚMERO DE CONTROLE
campo de controle BR-BrBNA
005 - DATA E HORÁRIO DA ÚLTIMA TRANSAÇÃO
campo de controle 20240105112938.0
008 - CAMPO DE DADOS FIXOS--INFORMAÇÃO GERAL
campo de controle de tamanho fixo 230509b bl.|||m| |||| 00| 0 por d
040 ## - FONTE DA CATALOGAÇÃO
Instituição da catalogação original BR-BrBNA
Idioma da catalogação por
Instituição que transcreveu o registro Biblioteca Nacional de Agricultura
072 ## - CÓDIGO DE CATEGORIA DE ASSUNTO
Código de Categoria de Assunto F22; F23; F60
090 ## - NÚMERO DE CHAMADA LOCAL
Número de chamada 1440 BR5900142
100 1# - ENTRADA PRINCIPAL--NOME PESSOAL
Nome pessoal Oliveira, L.B. de
110 1# - ENTRADA PRINCIPAL--NOME CORPORATIVO
Nome corporativo ou nome da jurisdição Instituto Agronomico do Nordeste, Recife, PE (Brasil)
9 (RLIN) 5625
111 1# - ENTRADA PRINCIPAL--NOME DO EVENTO
Nome do evento ou lugar 7. Reuniao Brasileira de Ciencia do Solo
Local do evento Piracicaba, SP (Brazil)
Data do evento ou assinatura do tratado 20 Jul 1959
245 1# - TÍTULO
Título Determinacao da umidade de murchamento de alguns tipos de solo do Nordeste [Analise do solo; Umidade do solo; Classificacao do solo; Feijao de corda; Vigna sinensis; Crescimento; Brasil]
260 3# - PUBLICAÇÃO, DISTRIBUIÇÃO, ETC.
Local de publicação, distribuição, etc. Recife, PE (Brasil):
Data da publicação, distribuição, etc. 1959.
300 ## - DESCRIÇÃO FÍSICA
Extensão 79 p.
490 ## - TÍTULO DA SÉRIE
Título da série Boletim Tecnico - Instituto Agronomico do Nordeste (Brazil)
Número do volume ou designação sequencial da série no. 8
ISSN - International Standard Serial Number
500 ## - NOTA GERAL
Nota geral 17 illus.; 5 tables; 8 ref.; Summaries (En, Pt)
650 ## - ASSUNTO--TERMO TÓPICO
Cabeçalho tópico ou nome geográfico FISICA DO SOLO
650 ## - ASSUNTO--TERMO TÓPICO
Cabeçalho tópico ou nome geográfico CLASSIFICACAO DO SOLO
650 ## - ASSUNTO--TERMO TÓPICO
Cabeçalho tópico ou nome geográfico FISIOLOGIA VEGETAL
650 ## - ASSUNTO--TERMO TÓPICO
Cabeçalho tópico ou nome geográfico FEIJAO DE CORDA
650 ## - ASSUNTO--TERMO TÓPICO
Cabeçalho tópico ou nome geográfico ANALISE DO SOLO
650 ## - ASSUNTO--TERMO TÓPICO
Cabeçalho tópico ou nome geográfico UMIDADE DO SOLO
650 ## - ASSUNTO--TERMO TÓPICO
Cabeçalho tópico ou nome geográfico CRESCIMENTO
650 ## - ASSUNTO--TERMO TÓPICO
Cabeçalho tópico ou nome geográfico REGIAO NORDESTE
909 ## -
-- 202312
-- Lúcia Elande
-- 55
-- Lúcia Elande
942 ## - ELEMENTOS DE ENTRADA ADICIONADOS (KOHA)
Fonte da classificação ou esquema de arquivamento na estante Classificação AGRIS
Ocultar no OPAC Não
Tipo de material Koha Monografia Seriada
Exemplares
Situação do descarte Fonte da classificação ou esquema de arquivamento na estante Situação física Não pode ser emprestado Coleção Biblioteca de origem Biblioteca atual Localização na estante Total de empréstimos Número de telefone completo Código de barras Data de último acesso Tipo de material Koha Fonte de aquisição
  Classificação AGRIS       Biblioteca Nacional de Agricultura - Binagri Biblioteca Nacional de Agricultura - Binagri Agrobase - Acervo Geral   1440 BR5900142 1440 BR5900142 18/12/2023 Monografia Seriada Portaria Interministerial nº 164/94

BINAGRI

Telefone: (61)3218-2567/2388/3357/2097 - binagri@agro.gov.br

Ministério da Agricultura e Pecuária , Esplanada dos Ministérios, Bloco D, Anexo B, Brasília/DF, CEP: 70.043-900